| 000 | 00438nam a2200133Ia 4500 | ||
|---|---|---|---|
| 008 | 150610s9999 xx 000 0 und d | ||
| 020 | _a9710864785 | ||
| 050 |
_aBF121 _b.Z84 2004 |
||
| 100 | _aZulueta, Francisco M. | ||
| 245 |
_aGeneral Psychology / _cFrancisco M. Zulueta, Maricel S. Paraiso. |
||
| 260 |
_aMandaluyong City : _bNational Book Store, _c2004. |
||
| 300 |
_a474pages : _billustrations ; _c23 cm. |
||
| 520 | _aPsychology. | ||
| 999 |
_c288194 _d288194 |
||